Desarrollo de alternativas de reducción de la contaminación y elaboración de un plan de manejo de los desechos para la Escuela de Química de la Universidad de Costa Rica

Guardado en:
書目詳細資料
主要作者: Smith Carabaguíaz, Gloriana, 1980-
其他作者: Durán Herrera, Esteban, 1971- Director del TFG
格式: 圖書
出版: San José, Costa Rica 2005
主題:
標簽: 添加標簽
沒有標簽, 成為第一個標記此記錄!

MARC

LEADER 00000nam a2200000Ia 4500
003 009539
005 20231123140826.0
008 140114s2005 cr a m 000 ||s d
040 |c cru CEDI  
090 |a TFG 5078 
100 |a Smith Carabaguíaz, Gloriana, 1980-  |9 1855 
245 |a Desarrollo de alternativas de reducción de la contaminación y elaboración de un plan de manejo de los desechos para la Escuela de Química de la Universidad de Costa Rica 
260 |a  San José, Costa Rica  |c 2005 
300 |a  xi, 111 hojas : ilustraciones a color, planos  
500 |a  Proyecto de graduación (licenciatura en ingeniería química)--Universidad de Costa Rica. Facultad de Ingeniería. Escuela de Ingeniería Química 
501 |a Director de Proyecto de Graduación: Lic. Esteban Durán Herrera 
650 |x UNIVERSIDAD DE COSTA RICA. FACULTAD DE INGENIERIA. ESCUELA DE INGENIERIA QUIMICA   |x CONTAMINACION   |x RESIDUOS   |x  PREVENCION Y CONTROL   |x APROVECHAMIENTO DE RESIDUOS  |9 5991 
700 |a Durán Herrera, Esteban, 1971-  |d Director del TFG  |9 151 
942 |c TFG  |h TFG 5078  |i 009539  |6 TFG_5078_009539000000000 
999 |c 17345  |d 17345